Cơ sở văn hóa Việt Nam

Nội dung sách đề cập đến khái niệm cơ bản về văn hoá và văn hoá học, cấu trúc, các thiết chế và chức năng của văn hoá, diễn trình lịch sử của văn hoá Việt Nam, không gian văn hoá Việt Nam

Αποθηκεύτηκε σε:
Λεπτομέρειες βιβλιογραφικής εγγραφής
Κύριος συγγραφέας: Trần, Quốc Vượng
Μορφή: Βιβλίο
Γλώσσα:Undetermined
Έκδοση: Hà Nội Giáo Dục 2006
Θέματα:
Ετικέτες: Προσθήκη ετικέτας
Δεν υπάρχουν, Καταχωρήστε ετικέτα πρώτοι!
Thư viện lưu trữ: Trung tâm Học liệu Trường Đại học Cần Thơ
LEADER 00921nam a2200217Ia 4500
001 CTU_110711
008 210402s9999 xx 000 0 und d
020 |c 17400 
082 |a 306.0899592 
082 |b V561 
100 |a Trần, Quốc Vượng 
245 0 |a Cơ sở văn hóa Việt Nam 
245 0 |c Trần Quốc Vượng (chủ biên) ... [ et al. ] 
260 |a Hà Nội 
260 |b Giáo Dục 
260 |c 2006 
520 |a Nội dung sách đề cập đến khái niệm cơ bản về văn hoá và văn hoá học, cấu trúc, các thiết chế và chức năng của văn hoá, diễn trình lịch sử của văn hoá Việt Nam, không gian văn hoá Việt Nam 
650 |a Vietnam,Việt Nam 
650 |x Culture,Văn hóa 
904 |i Hiếu 
980 |a Trung tâm Học liệu Trường Đại học Cần Thơ